00700 a2200181 45000010006000000050017000060080041000230030015000640400040000790800054001192450080001730200018002532640041002713000019003125050154003310410008004851000025004935536720260407155827.0260407a1992 arg spa dAR-UNSa-BCEJYS aAR-UNSa-BCEJYSbspacAR-UNSa-BCEJYS a34:004xDerecho informatico (firma digital, etc.)10a¿Qué es la informática jurídica?pDel abaco al derecho informático a950-20-0655-0 1aBuenos Aires :bAbeledo Perrotc1992 a197 p.c23 cm. a1. Ideas preliminares - 2. La computadora y el ordenador - 3. El hardware - 4. El software - 5. Infomática jurídica - 6. El derecho informático aspa1 aFalcón, Enrique M.